01289nam a2200337Ia 4500001001200000003000800012006001900020007001500039008004100054010001700095020003000112020001800142040002100160035002100181050002600202082001700228100002200245245012100267260004700388300003100435504005100466533015200517650003700669650002500706650002100731650001000752655002900762710001700791856012600808999001700934ebr10658942CaPaEBRm u cr cn|||||||||070717s2007 nyua sb 001 0 eng d z 2007029504 z9781600219146 (hardcover) z9781606927533 aCaPaEBRcCaPaEBR a(OCoLC)30027657014aQP383.25b.T38 2007eb04a612.8/252221 aTaupin, Philippe.14aThe hippocampush[electronic resource] :bneurotransmission and plasticity in the nervous system /cPhilippe Taupin. aNew York :bNova Biomedical Books,cc2007. a144 p. :bill. (some col.) aIncludes bibliographical references and index. aElectronic reproduction.bPalo Alto, Calif. :cebrary,d2013.nAvailable via World Wide Web.nAccess may be limited to ebrary affiliated libraries. 0aHippocampus (Brain)xPhysiology. 0aNeural transmission. 0aNeuroplasticity. 0aGABA. 7aElectronic books.2local2 aebrary, Inc.40uhttp://site.ebrary.com/lib/rucke/Doc?id=10658942zAn electronic book accessible through the World Wide Web; click to view c64442d64442